00770nam a2200205 a 4500008004100000020001500041050001500056100001800071245010100089250001200190260004300202300002400245350000900269650001400278650002900292700001600321995008700337999001700424952012300441120416s1976 ||||||||||||||||| || u a0297772317 aHC 256 Uni aCoppock, D. J14aThe UK economy: a manual of applied economics (6th ed.)cedited by A. R. Prest and D. J. Coppock a6th ed. aLondon:bWeidenfeld and Nicolsonc1976 axviii, 322p. : ill. a0.00 0aECONOMICS aECONOMICS--GREAT BRITAIN aPrest, A. R D0.00FCBU-MAIN LIBRARY (Kitwe)H1I4.50M1UAVAILABLEZAnnex Low-Usage Collection  c60560d60560 00102lcc4070a001b001cAnnex Low-Usage Collection d2022-11-30l0oHC 256 Unip002287r2022-11-30w2022-11-30y002